[Event "FRA-chT4 1516"]
[Site "Champagne Ardennes"]
[Date "2016.01.31"]
[Round "5"]
[White "Crepaux, Jean Marie"]
[Black "Picard, Serge"]
[Result "0-1"]
[WhiteElo "1873"]
[BlackElo "2044"]
[PlyCount "84"]
[EventDate "2015.12.06"]
[EventType "team-tourn"]
[EventRounds "7"]
[EventCountry "FRA"]
[SourceTitle "EXT 2024"]
[Source "ChessBase"]
[SourceDate "2023.10.10"]
[SourceVersion "1"]
[SourceVersionDate "2023.10.10"]
[SourceQuality "1"]

1. e4 e5 2. Bc4 Nc6 3. Nf3 Nf6 4. Ng5 d5 5. exd5 b5 6. Bf1 Nxd5 7. Qf3 Qd7 8. Bxb5 Bb7 9. Nc3 Nxc3 10. dxc3 f6 11. Ne4 f5 12. Qh5+ Qf7 13. Qxf7+ Kxf7 14. Ng5+ Kf6 15. 0-0 h6 16. Nh3 g5 17. f3 Bc5+ 18. Nf2 Rad8 19. b4 Bb6 20. Bd3 Rhe8 21. Kh1 Ne7 22. Bb2 Nd5 23. Nd1 Nf4 24. c4 c5 25. b5 g4 26. Nc3 gxf3 27. gxf3 Nxd3 28. cxd3 Rxd3 29. Nd5+ Bxd5 30. cxd5 c4 31. f4 c3 32. fxe5+ Rxe5 33. Bc1 Be3 34. Bxe3 Rexe3 35. Kg1 c2 36. a4 Rxd5 37. Rfc1 Re2 38. h3 f4 39. Kf1 f3 40. Re1 Rxe1+ 41. Kxe1 Rd1+ 42. Rxd1 f2+ 0-1

[Event "FRA-chT4"]
[Site "Champagne Ardenne"]
[Date "2005.01.09"]
[Round "4"]
[White "Crepaux, Jean Marie"]
[Black "Hentzien, Maxime"]
[Result "0-1"]
[WhiteElo "1910"]
[BlackElo "1920"]
[PlyCount "112"]
[EventDate "2005.01.09"]
[EventRounds "7"]
[EventCountry "FRA"]
[SourceTitle "EXT 2007"]
[Source "ChessBase"]
[SourceDate "2006.11.23"]
[SourceVersion "1"]
[SourceVersionDate "2006.11.23"]
[SourceQuality "1"]

1. e4 c6 2. d4 d5 3. e5 Bf5 4. g4 Bg6 5. Ne2 e6 6. Nf4 Ne7 7. Nc3 Nd7 8. h4 h6 9. Nxg6 Nxg6 10. h5 Ne7 11. Qd3 Qb6 12. Bd2 c5 13. Na4 Qc7 14. Bc3 Nc6 15. 0-0-0 cxd4 16. Bxd4 Ndxe5 17. Qc3 Bb4 18. Bxe5 Qxe5 19. Qxe5 Nxe5 20. Bb5+ Ke7 21. Rd4 Bd6 22. Rh3 Rac8 23. Rb3 a6 24. Be2 b5 25. Nc3 Nc6 26. Nxd5+ exd5 27. Rxd5 Rhd8 28. Kb1 Be5 29. Rbd3 Rxd5 30. Rxd5 Rd8 31. Bf3 Rxd5 32. Bxd5 Nd4 33. c3 Ne6 34. Kc2 Kf6 35. b3 Kg5 36. f3 Kf4 37. a4 bxa4 38. bxa4 Ng5 39. c4 f6 40. a5 Nxf3 41. Bb7 Kxg4 42. Bxa6 Bc7 43. Bc8+ Kxh5 44. a6 Bb6 45. Kd3 Kg5 46. Ke2 Kf4 47. Bb7 Ne5 48. Bd5 g5 49. Kf1 Ke3 50. Kg2 Kd4 51. Be6 Nxc4 52. Kf3 Ne5+ 53. Kg3 Ke4 54. Bc8 f5 55. Bb7+ Ke3 56. Kg2 f4 0-1